Problemy obnovlenija proizvodstvennogo apparata
Enregistré dans:
| Auteur principal: | |
|---|---|
| Autres auteurs: | |
| Format: | Livre |
| Langue: | russe |
| Publié: |
Kijev
Vyšča škola
1985
|
| Édition: | 1. izd. |
| Tags: |
Pas de tags, Soyez le premier à ajouter un tag!
|
MARC
| LEADER | 00000nam a2200000 4500 | ||
|---|---|---|---|
| 001 | c024209 | ||
| 005 | 20221220082143.5 | ||
| 041 | 0 | |a rus | |
| 044 | |a UA | ||
| 245 | 1 | 0 | |a Problemy obnovlenija proizvodstvennogo apparata |c Valerij Markovič Kozub, Tatjana Petrovna Šinkorenko |
| 250 | |a 1. izd. | ||
| 264 | 1 | |a Kijev |b Vyšča škola |c 1985 | |
| 300 | |a 52 s. | ||
| 100 | 1 | |a Kozub, Valerij Markovič | |
| 700 | 1 | |a Šinkorenko, Tatjana Petrovna | |